KNAX IN DIE KRING (Record no. 687147)

MARC details
000 -LEADER
fixed length control field 00298nam a2200109Ia 4500
008 - FIXED-LENGTH DATA ELEMENTS--GENERAL INFORMATION
fixed length control field 220624s9999 xx 000 0 und d
020 ## - INTERNATIONAL STANDARD BOOK NUMBER
International Standard Book Number <a href="0 86812 817 1">0 86812 817 1</a>
082 ## - DEWEY DECIMAL CLASSIFICATION NUMBER
Classification number AF LAM
942 ## - ADDED ENTRY ELEMENTS
Creator ID 561
Creator Name John Tresidder
Modifier ID 296
Modifier Name Phillipina Naude
100 ## - MAIN ENTRY--PERSONAL NAME
Personal name Lamprecht, I.D.
245 #0 - TITLE STATEMENT
Title KNAX IN DIE KRING
942 ## - ADDED ENTRY ELEMENTS
item type Books
Holdings
Withdrawn status Lost status Damaged status Not for loan Home library Current library Date acquired Cost, normal purchase price Total Checkouts Barcode Date last seen Price effective from item type Public note
        Pullenshope PL (MMID-PLST-PULL) (Under renovations) Pullenshope PL (MMID-PLST-PULL) (Under renovations) 25.06.2022 39.95   33228 0211 4935 4 25.06.2022 25.06.2022 Books 20205188